000 00596nam a2200205 i 4500
001 61338
003 ES-MaACL
005 20230906164433.0
007 t|
008 031111s1956 sp ||||1| spa d
245 0 0 _aEuropa /
_cpor C.E. Black...[et al.] ; [versión española de J.M. Claramunda Bes].
260 _aBarcelona :
_bHispano Europea,
_c[1956]
300 _a236 p. ;
_c21 cm.
490 1 _aGalileo
700 1 _aBlack, C. E.
_929057
700 1 _aClaramunda Bes, José María.
_938998
830 0 _aGalileo
_9182278
852 _aES-MaACL
_jC-11854
_bR.40026
999 _c61338
_d61338